000 01182nam a22003257a 4500
005 20220329141245.0
008 971010s1990 r 00010 d
010 _a65253
011 _a66225
035 _a74236
090 _aTesis
100 0 0 _aMorales Casique, Eric.
_978238
245 _aEstudio geohidrológico de cuantificación y modelo matemático del acuífero de Chapingo y Zonas aledañas
260 _aChapingo, Méx. :
_bLos autores,
_c1990
300 _a78 p.
_b: ilus.
500 _a1992/162
502 _aTesis (Ing. Agr. Esp. en Irrigación) -- UACH. Departamento de Irrigación
590 _aALEPH
_b10
_c20130110
_lUCH01
_h1355
590 _aBATCH-UPD
_b10
_c20130110
_lUCH01
_h0039
590 _aBATCH-UPD
_b10
_c20130110
_lUCH01
_h1435
590 _aBATCH-UPD
_b10
_c20130410
_lUCH01
_h0910
590 _aBATCH-UPD
_b10
_c20130914
_lUCH01
_h1028
590 _aCONVERSION
_b10
_c20130109
_lUCH01
_h1336
650 1 4 _aAgua subterranea
_zMexico (Edo.).
_92488
650 1 4 _aConductividad hidráulica.
_926345
650 1 4 _aHidrogeología.
_955236
650 1 4 _aHidrología
_xModelos matemáticos.
_955267
901 _aBK
949 _bI
_cTES
_d-7095
_eTS1
_h413
_i74236
_si
999 _c65253
_d65253